Club de foot avec le pourcentage de joueurs étrangers le plus bas ! - Statistiques

Statistiques générales
  • Ce quiz a été pris 13 fois
  • Le résultat moyen est 2 sur 10
Statistiques - réponses
Effectif Pourcentage de joueur étranger Club % Correct
29 10,34 Athletic Bilbao
62%
25 36,00 Real Sociedad
46%
28 32,14 Lens
38%
28 32,14 Celta Vigo
31%
26 30,77 Levante
23%
26 38,46 Elche
15%
23 13,04 Osasuna
15%
25 36,00 Fribourg
8%
23 30,43 Espanyol Barcelona
0%
29 24,14 Heidenheim
0%
Aucun quiz correspondant
Distribution des résultats
% des personnes avec chaque résultat
Percentile par nombre de réponses
Votre historique - résultats
Vous n’avez pas pris ce quiz